000 00638nam a2200277Ia 4500
005 20260324121908.0
008 008 260324s9999 xx 000 0 eng d
020 _a9780429477676
037 _aEBOOK
040 _aCRL
040 _beng
040 _cCRL
041 _2eng
041 _aeng
084 _qCRL
100 _aGilles Delisle
_91164294
245 0 _aObject Relations in Gestalt Therapy
260 _bTaylor and Francis
260 _c2013
365 _a
365 _b205
856 _uhttp://www.taylorfrancis.com/books/9780429477676
942 _cEBOOK
999 _c1756678
_d1756678